Catálogo
 En Linea

Código de procedimiento criminal de la República Dominicana. / (Registro nro. 48558)

Detalles MARC
000 -CABECERA
campo de control de longitud fija 00555nam a2200169 a 4500
001 - NÚMERO DE CONTROL
campo de control 000049070
005 - FECHA Y HORA DE LA ÚLTIMA TRANSACCIÓN
campo de control 20201002061629.0
008 - DATOS DE LONGITUD FIJA--INFORMACIÓN GENERAL
campo de control de longitud fija 190717s1980 dr 000 spa d
040 ## - FUENTE DE LA CATALOGACIÓN
Centro catalogador/agencia de origen DO-SdBNP
Lengua de catalogación spa
Centro/agencia transcriptor BNPHU
082 ## - NÚMERO DE LA CLASIFICACIÓN DECIMAL DEWEY
Número de clasificación 345.729302
Número de documento/Ítem R426c
100 1# - ENTRADA PRINCIPAL--NOMBRE DE PERSONA
Nombre de persona Rosario, Antonio
9 (RLIN) 22267
245 10 - MENCIÓN DE TÍTULO
Título Código de procedimiento criminal de la República Dominicana. /
Mención de responsabilidad, etc. Antonio Rosario, Darío Balcácer.
260 ## - PUBLICACIÓN, DISTRIBUCIÓN, ETC.
Lugar de publicación, distribución, etc. Santo Domingo :
Nombre del editor, distribuidor, etc. Alfa y Omega,
Fecha de publicación, distribución, etc. 1980.
300 ## - DESCRIPCIÓN FÍSICA
Extensión 397 p. ;
Dimensiones 21 cm.
590 ## - NOTA LOCAL (RLIN)
Nota local Inventariado, 2019 / DG
700 1# - PUNTO DE ACCESO ADICIONAL--NOMBRE DE PERSONA
Nombre de persona Balcácer, Darío
9 (RLIN) 56912
Existencias
Estado de retiro Estado de pérdida No para préstamo Código de colección Localización permanente Ubicación/localización actual Ubicación en estantería Fecha de adquisición Número de inventario Total de préstamos Signatura topográfica completa Código de barras Fecha visto por última vez Precio válido a partir de Tipo de ítem Koha
    Excluido de préstamo Patrimonio Dominicano Patrimonio Dominicano Patrimonio Dominicano Depósito 17.07.2019 LF1   345.729302 R426c 49071-10 25.06.2020 25.06.2020 Libro y Folleto Colección Patrimonio Dominicano
      Patrimonio Dominicano Patrimonio Dominicano Patrimonio Dominicano Orden iniciada 17.07.2019 LF1   345.729302 R426c 49072-10 25.06.2020 25.06.2020 Libro y Folleto Colección Patrimonio Dominicano

Con tecnología Koha